[Event "HEM 2009 - D-Turnier"]
[Site "Idstein"]
[Date "2009.04.10"]
[Round "2"]
[White "Schöbel-Kröhn, Lucas"]
[Black "Gertz, Berthold"]
[Result "0-1"]
[WhiteElo "1727"]
[BlackElo "1993"]
[PlyCount "64"]
[EventDate "2009.??.??"]

1. e4 c5 2. Nf3 d6 3. d4 cxd4 4. Nxd4 Nf6 5. Nc3 a6 6. Bg5 e6 7. f4 Be7 8. Qf3
Qc7 9. O-O-O h6 10. Bh4 Nc6 11. g4 e5 12. Nf5 Bxf5 13. gxf5 Nd4 14. Qf2 b5 15.
Bxf6 gxf6 16. Nd5 Qa5 17. Kb1 Rc8 18. c3 Nc6 19. Qh4 b4 20. Nxf6+ Kd8 21. Rd5
Qb6 22. c4 Qe3 23. fxe5 Nxe5 24. Bg2 Rxc4 25. Rhd1 Kc8 26. Bf1 Rc6 27. Ra5 Kb7
28. Nd5 Bxh4 29. Nxe3 Rhc8 30. Rad5 Bg5 31. Bxa6+ Kxa6 32. Rxd6 Bxe3 0-1

[Event "HEM 2009 - D-Turnier"]
[Site "Idstein"]
[Date "2009.04.10"]
[Round "2"]
[White "Storch, Dominik"]
[Black "Daubitz, Karl Werner"]
[Result "1-0"]
[WhiteElo "1931"]
[BlackElo "1711"]
[PlyCount "45"]
[EventDate "2009.??.??"]

1. d4 Nf6 2. Nf3 g6 3. Bg5 Bg7 4. e3 c5 5. c3 cxd4 6. exd4 h6 7. Bh4 Qb6 8. Qc2
d5 9. Bd3 Bg4 10. Nbd2 Qe6+ 11. Ne5 Nc6 12. O-O Nxe5 13. dxe5 Nd7 14. f4 Qc6
15. h3 Be6 16. Nb3 Nc5 17. Nd4 Qb6 18. Bxg6 Rf8 19. Rad1 Kd7 20. b4 fxg6 21.
bxc5 Qa5 22. Qxg6 Rg8 23. c6+ 1-0

[Event "HEM 2009 - D-Turnier"]
[Site "Idstein"]
[Date "2009.04.10"]
[Round "2"]
[White "Rudolph, Lukas"]
[Black "Will, Patrick"]
[Result "1/2-1/2"]
[WhiteElo "1723"]
[BlackElo "1929"]
[PlyCount "68"]
[EventDate "2009.??.??"]

1. e4 c6 2. d4 d5 3. Nc3 dxe4 4. Nxe4 Bf5 5. Ng3 Bg6 6. h4 h6 7. h5 Bh7 8. Nf3
Nd7 9. Bd3 Bxd3 10. Qxd3 e6 11. Bf4 Qa5+ 12. Bd2 Bb4 13. c3 Be7 14. Ne4 Ngf6
15. Nxf6+ Nxf6 16. Ne5 O-O 17. g4 Rad8 18. Qe2 Nh7 19. f4 c5 20. Ng6 Rfe8 21.
Nxe7+ Rxe7 22. g5 hxg5 23. fxg5 cxd4 24. cxd4 Qd5 25. Rg1 Qxd4 26. O-O-O Rc7+
27. Bc3 Qf4+ 28. Kb1 Rcd7 29. Rdf1 Qd6 30. g6 fxg6 31. Rxg6 Nf8 32. Rg2 Qa6 33.
Qf3 Qxf1+ 34. Qxf1 Rd1+ 1/2-1/2

[Event "HEM 2009 - D-Turnier"]
[Site "Idstein"]
[Date "2009.04.10"]
[Round "2"]
[White "Bigott, Martin"]
[Black "Baskin, Robert"]
[Result "1-0"]
[WhiteElo "1889"]
[BlackElo "1697"]
[PlyCount "75"]
[EventDate "2009.??.??"]

1. d4 d5 2. Nf3 Nf6 3. Bf4 b6 4. e3 Bb7 5. Bd3 e6 6. Nbd2 c5 7. c3 Be7 8. Bxb8
Rxb8 9. Qa4+ Qd7 10. Bb5 a6 11. Bxd7+ Nxd7 12. O-O b5 13. Qc2 Rc8 14. Rac1 O-O
15. Qb1 a5 16. dxc5 Nxc5 17. b4 Na4 18. Qb3 Bf6 19. Nd4 axb4 20. cxb4 Ba6 21.
Ne2 Nb2 22. Rxc8 Rxc8 23. Rc1 Nc4 24. Nxc4 bxc4 25. Qa4 Bb7 26. Qb5 Bc6 27. Qa6
Bd7 28. Qb7 Rd8 29. Nd4 e5 30. Nc6 Bxc6 31. Qxc6 Bg5 32. Qc7 Re8 33. Rd1 d4 34.
Qxc4 dxe3 35. fxe3 Bxe3+ 36. Kh1 Bd4 37. Rxd4 exd4 38. Qxd4 1-0

[Event "HEM 2009 - D-Turnier"]
[Site "Idstein"]
[Date "2009.04.10"]
[Round "2"]
[White "Fischer, Ulrich"]
[Black "Arnold, Michael"]
[Result "1-0"]
[WhiteElo "1672"]
[BlackElo "1845"]
[PlyCount "27"]
[EventDate "2009.??.??"]

1. e4 d5 2. exd5 Qxd5 3. Nc3 Qd6 4. d4 Nf6 5. Nf3 Bg4 6. g3 a6 7. Bf4 Qe6+ 8.
Be3 Nd5 9. Nxd5 Qxd5 10. Bg2 Nc6 11. O-O O-O-O 12. h3 Bxf3 13. Bxf3 Qf5 14. Bg4
1-0

[Event "HEM 2009 - D-Turnier"]
[Site "Idstein"]
[Date "2009.04.10"]
[Round "2"]
[White "Wasserrab, Martin"]
[Black "Brehm, Arthur"]
[Result "1-0"]
[WhiteElo "1818"]
[BlackElo "1519"]
[PlyCount "41"]
[EventDate "2009.??.??"]

1. e4 e5 2. f4 exf4 3. Nf3 d6 4. d4 g5 5. h4 g4 6. Ng1 Bh6 7. Bc4 Nf6 8. Nc3
Nc6 9. Nge2 Nh5 10. a3 a6 11. Qd3 b5 12. Ba2 Ne7 13. Nxb5 O-O 14. Nbc3 Ng6 15.
g3 Bg7 16. Nxf4 Ngxf4 17. Bxf4 Qf6 18. Ne2 Re8 19. O-O Bb7 20. Bg5 Bxe4 21. Qd2
1-0

[Event "HEM 2009 - D-Turnier"]
[Site "Idstein"]
[Date "2009.04.10"]
[Round "2"]
[White "Boethelt, Klaus-Dieter"]
[Black "Kempf, Alexander"]
[Result "1-0"]
[WhiteElo "1578"]
[BlackElo "1810"]
[PlyCount "123"]
[EventDate "2009.??.??"]

1. d4 Nf6 2. Bf4 d6 3. e3 Nbd7 4. c4 e5 5. dxe5 dxe5 6. Bg5 Be7 7. Bd3 O-O 8.
Nc3 b6 9. Nge2 Bb7 10. O-O c5 11. Ng3 h6 12. Bxf6 Nxf6 13. Rc1 Qc7 14. Qe2 Rfd8
15. Rfd1 a6 16. Nge4 Rd7 17. Nxf6+ Bxf6 18. Be4 Rad8 19. Bxb7 Rxd1+ 20. Rxd1
Rxd1+ 21. Qxd1 Qxb7 22. Qd5 Qxd5 23. Nxd5 Bd8 24. e4 b5 25. b3 Kh7 26. cxb5
axb5 27. Nc3 b4 28. Na4 Be7 29. Nb2 Bd6 30. Kf1 Kg6 31. Ke2 f5 32. f3 Kg5 33.
Ke3 h5 34. Nc4 Bc7 35. a3 bxa3 36. Nxa3 Ba5 37. Nc4 Bc3 38. exf5 Kxf5 39. Nd6+
Ke6 40. Ne4 Bd4+ 41. Kd3 Kd5 42. Ng3 g6 43. Ne4 Kc6 44. Kc4 Be3 45. Nc3 g5 46.
Kd3 Bd4 47. Ne4 g4 48. fxg4 hxg4 49. Kc4 Bg1 50. h3 gxh3 51. gxh3 Be3 52. h4
Bg1 53. Ng5 Be3 54. Nf7 Bd4 55. Ng5 Be3 56. Ne4 Bg1 57. h5 Be3 58. Nf6 Bg5 59.
Ng4 e4 60. h6 Bc1 61. Ne5+ Kd6 62. h7 1-0

[Event "HEM 2009 - D-Turnier"]
[Site "Idstein"]
[Date "2009.04.10"]
[Round "2"]
[White "Kohlmeyer, Klaus"]
[Black "Sanitz, Grigori"]
[Result "1-0"]
[WhiteElo "1813"]
[BlackElo "1511"]
[PlyCount "65"]
[EventDate "2009.??.??"]

1. f4 c5 2. Nf3 e6 3. e3 Nc6 4. b3 d5 5. Bb2 Nf6 6. Bb5 Bd7 7. O-O h5 8. Qe1
Qb6 9. Bxc6 bxc6 10. d3 a5 11. Nbd2 Bd6 12. Be5 Be7 13. Kh1 h4 14. c4 Nh5 15.
Bb2 O-O-O 16. Ba3 Rh6 17. Rc1 Ng3+ 18. hxg3 hxg3+ 19. Kg1 Rdh8 20. Qxg3 Rg6 21.
Qe1 Qd8 22. d4 Rgh6 23. Bxc5 Rh1+ 24. Kf2 Bh4+ 25. Nxh4 Qxh4+ 26. Ke2 Qg4+ 27.
Kd3 Qf5+ 28. Kc3 R1h2 29. Qg3 Qh7 30. f5 exf5 31. Bb6 f4 32. Qxf4 Kb7 33. Qc7+
1-0

[Event "HEM 2009 - D-Turnier"]
[Site "Idstein"]
[Date "2009.04.10"]
[Round "2"]
[White "Doll, Christoph"]
[Black "Riha, Peter"]
[Result "1-0"]
[WhiteElo "1603"]
[BlackElo "1815"]
[PlyCount "123"]
[EventDate "2009.??.??"]

1. d4 Nf6 2. Bf4 g6 3. c4 c6 4. Nc3 d5 5. e3 Bg7 6. Nf3 O-O 7. cxd5 cxd5 8. Bd3
Nc6 9. O-O Nh5 10. Bg3 Nxg3 11. hxg3 Bg4 12. Qb3 Na5 13. Qxd5 Qc7 14. Qg5 Bd7
15. Nd5 Qd8 16. Qxe7 Be6 17. Qxd8 Rfxd8 18. Nc3 Nc6 19. Ng5 Bd7 20. a3 h6 21.
Nf3 Be6 22. Rfd1 a6 23. b4 b5 24. Ne4 Bd5 25. Nc5 f5 26. Nh4 Kf7 27. Rac1 Ra7
28. Nf3 Ke7 29. Nd2 Kf7 30. Nb1 Kg8 31. Nc3 Bf7 32. Be2 Ne7 33. Bf3 Bc4 34. Rd2
a5 35. Be2 axb4 36. Bxc4+ bxc4 37. axb4 Nc6 38. Nb5 Raa8 39. Ne6 Rdb8 40. Nbc7
Ra4 41. Rxc4 Ra1+ 42. Kh2 Rxb4 43. Rxc6 Rbb1 44. g4 fxg4 45. Nxg7 h5 46. Nxh5
gxh5 47. Kg3 Rh1 48. Kf4 Rag1 49. g3 h4 50. gxh4 Rxh4 51. Kg5 Rgh1 52. Rg6+ Kh7
53. Ne8 Rh5+ 54. Kf6 Ra1 55. d5 Ra8 56. Rg7+ Kh8 57. Re7 Rh2 58. Kg6 g3 59.
fxg3 Rxd2 60. Rh7+ Kg8 61. Nf6+ Kf8 62. Rh8+ 1-0

[Event "HEM 2009 - D-Turnier"]
[Site "Idstein"]
[Date "2009.04.10"]
[Round "2"]
[White "Gläßer, Tim"]
[Black "Aurin, Pascal"]
[Result "1/2-1/2"]
[WhiteElo "1776"]
[BlackElo "1612"]
[PlyCount "47"]
[EventDate "2009.??.??"]

1. b3 Nf6 2. Bb2 d5 3. e3 e6 4. f4 Be7 5. Bd3 b6 6. Qe2 Bb7 7. Nc3 c5 8. Nf3 a6
9. a4 Nc6 10. h3 Nb4 11. f5 c4 12. bxc4 dxc4 13. Bxc4 Nxc2+ 14. Kd1 Nxa1 15.
fxe6 fxe6 16. Bxe6 Ne4 17. Nxe4 Bxe4 18. Bxa1 Bd3 19. Qf2 Qc7 20. Bf7+ Kxf7 21.
Ne5+ Ke8 22. Qf7+ Kd8 23. Qd5+ Bd6 24. Nxd3 1/2-1/2

[Event "HEM 2009 - D-Turnier"]
[Site "Idstein"]
[Date "2009.04.10"]
[Round "2"]
[White "Bodensohn, Markus"]
[Black "Rausch, Wolfgang"]
[Result "1-0"]
[WhiteElo "1391"]
[BlackElo "1730"]
[PlyCount "119"]
[EventDate "2009.??.??"]

1. c4 c5 2. Nc3 Nc6 3. Nf3 Nf6 4. g3 g6 5. Bg2 Bg7 6. O-O O-O 7. d3 d5 8. cxd5
Nxd5 9. Bd2 b6 10. Qc1 Re8 11. Nxd5 Qxd5 12. Bc3 Bb7 13. Bxg7 Kxg7 14. Re1 e5
15. Qc3 f6 16. Qc4 Qd6 17. Nd2 Na5 18. Qc3 Bxg2 19. Kxg2 Qd5+ 20. f3 Rac8 21.
Nc4 Nc6 22. Ne3 Qd7 23. a3 Nd4 24. Nc2 Nb5 25. Qb3 Re7 26. Rad1 Qc6 27. Rd2 Nc7
28. Ne3 Ne6 29. Nc2 Rd7 30. Red1 Rcd8 31. Qc3 Qd5 32. Ne3 Qc6 33. Nc2 Rd6 34.
Kf2 b5 35. Qa5 Qb7 36. Qc3 Qb6 37. Kg2 a5 38. b4 cxb4 39. axb4 a4 40. Qb2 R8d7
41. Ra1 Ng5 42. h4 Ne6 43. Ra3 Nd4 44. Nxd4 Qxd4 45. Rc3 Rd5 46. Rdc2 f5 47.
Rc5 Qxb2 48. Rxb2 Kf7 49. Rbc2 Ke7 50. Kf2 Ke6 51. Ke3 Rxc5 52. Rxc5 Rd5 53.
Rc6+ Kd7 54. Rc2 Rd4 55. Rb2 Kd6 56. Kd2 e4 57. f4 exd3 58. exd3 Kd5 59. Kc3 h6
60. Re2 1-0

[Event "HEM 2009 - D-Turnier"]
[Site "Idstein"]
[Date "2009.04.10"]
[Round "2"]
[White "Kuhnigk, Thomas"]
[Black "Höllwarth, Kai"]
[Result "1/2-1/2"]
[WhiteElo "1698"]
[BlackElo "1608"]
[PlyCount "49"]
[EventDate "2009.??.??"]

1. d4 e5 2. dxe5 Nc6 3. Nf3 Qe7 4. e3 Nxe5 5. Be2 g6 6. O-O Bg7 7. c4 d6 8. Nc3
Nf6 9. Nxe5 Qxe5 10. Bf3 c6 11. Qd4 Ng4 12. Qxe5+ Nxe5 13. Be2 Be6 14. Ne4
O-O-O 15. c5 dxc5 16. Nxc5 Bc4 17. Bxc4 Nxc4 18. Rb1 Rd5 19. Ne4 Rhd8 20. b3
Nd6 21. Nd2 Nb5 22. Ne4 Rd1 23. a4 Nc3 24. Nxc3 Bxc3 25. Ba3 1/2-1/2

[Event "HEM 2009 - D-Turnier"]
[Site "Idstein"]
[Date "2009.04.10"]
[Round "2"]
[White "Mattusch, Ralf"]
[Black "Brendel, Hans-Gerhard"]
[Result "0-1"]
[WhiteElo "1614"]
[BlackElo "1658"]
[PlyCount "90"]
[EventDate "2009.??.??"]

1. d4 c5 2. d5 d6 3. b3 e5 4. c4 g6 5. Bb2 Bg7 6. Qd2 Nf6 7. Nc3 O-O 8. e4 a6
9. Bd3 Ng4 10. h3 Nh6 11. Nge2 f5 12. O-O-O Bd7 13. Kb1 b5 14. cxb5 axb5 15.
Bxb5 fxe4 16. Bxd7 Qxd7 17. Nxe4 Nf5 18. f3 Qa7 19. N2c3 Bh6 20. Qe2 Nd4 21.
Qc4 Qb6 22. Bc1 Bxc1 23. Rxc1 Na6 24. Rhd1 Nb4 25. Rd2 Ra3 26. Ng5 Rf4 27. Nge4
Rf8 28. Rb2 Ra6 29. Ne2 Rfa8 30. Nxd4 exd4 31. a4 Rb8 32. Nf6+ Kg7 33. Nd7 Qb7
34. Nxb8 Qxb8 35. Re1 Qf8 36. Rbe2 Qf5+ 37. Re4 Rb6 38. Kb2 Nxd5 39. a5 Rb4 40.
Qa6 Qg5 41. R1e2 c4 42. Qa7+ Kh6 43. f4 Qg3 44. Ka1 Qxb3 45. Qxd4 Qb1# 0-1

[Event "HEM 2009 - D-Turnier"]
[Site "Idstein"]
[Date "2009.04.10"]
[Round "2"]
[White "Beinrucker, Clemens"]
[Black "Kitreiber, Michael"]
[Result "1-0"]
[WhiteElo "1686"]
[BlackElo "1537"]
[PlyCount "89"]
[EventDate "2009.??.??"]

1. e4 e5 2. Nf3 Nc6 3. d4 exd4 4. Bc4 h6 5. O-O Bc5 6. c3 dxc3 7. Bxf7+ Kxf7 8.
Qd5+ Kf8 9. Qxc5+ Qe7 10. Qxe7+ Ngxe7 11. Nxc3 d6 12. Nb5 Bg4 13. Nxc7 Rc8 14.
Nb5 Bxf3 15. gxf3 Rd8 16. Bf4 Nc8 17. Rad1 Ke7 18. Nc7 Nb6 19. Be3 Nc8 20. f4
Rd7 21. Nd5+ Kf7 22. f3 N8e7 23. Nc3 a6 24. a3 b5 25. Rf2 Na5 26. Rg2 Rg8 27.
Nd5 Nc4 28. Bc1 Nxd5 29. Rxd5 Nb6 30. Rd1 d5 31. b3 Rgd8 32. Bb2 d4 33. f5 Nc8
34. Rgd2 Ne7 35. Rxd4 Rxd4 36. Rxd4 Rxd4 37. Bxd4 Nc6 38. Bc3 g6 39. fxg6+ Kxg6
40. Kf2 a5 41. a4 b4 42. Bb2 Kf7 43. Ke3 Ke6 44. f4 h5 45. f5+ 1-0

[Event "HEM 2009 - D-Turnier"]
[Site "Idstein"]
[Date "2009.04.10"]
[Round "2"]
[White "Pantic, Dejan"]
[Black "Aleanakian, Gabriel"]
[Result "0-1"]
[WhiteElo "1610"]
[BlackElo "1725"]
[PlyCount "104"]
[EventDate "2009.??.??"]

1. e4 c5 2. Nf3 Nc6 3. Bc4 e6 4. Nc3 Nf6 5. d3 d5 6. exd5 exd5 7. Bb5 Be7 8. h3
Bd7 9. O-O O-O 10. Bf4 Rc8 11. Re1 Re8 12. Bxc6 Bxc6 13. Ne5 Bd6 14. Nxc6 Rxc6
15. Bg5 Be5 16. Qf3 Bxc3 17. bxc3 Rce6 18. Rxe6 Rxe6 19. Rb1 b6 20. Qf4 Qe8 21.
Bxf6 gxf6 22. Kf1 Qd8 23. Re1 Rxe1+ 24. Kxe1 Qe7+ 25. Qe3 Qe5 26. d4 Qxe3+ 27.
fxe3 Kg7 28. Ke2 Kg6 29. Kf3 f5 30. Kf4 Kf6 31. g3 h6 32. h4 Ke6 33. g4 fxg4
34. Kxg4 Kf6 35. Kf4 h5 36. e4 dxe4 37. Kxe4 Ke6 38. a4 a5 39. Kf4 f6 40. Ke4
f5+ 41. Kf4 b5 42. axb5 cxd4 43. b6 Kd6 44. Kxf5 a4 45. Kg5 a3 46. Kxh5 a2 47.
Kg6 a1=Q 48. h5 Qxc3 49. h6 Qxc2+ 50. Kg7 Qg2+ 51. Kf7 Qd5+ 52. Kg7 Qg5+ 0-1

[Event "HEM 2009 - D-Turnier"]
[Site "Idstein"]
[Date "2009.04.10"]
[Round "2"]
[White "Lauer, David"]
[Black "Stegner, Marco"]
[Result "0-1"]
[WhiteElo "1670"]
[BlackElo "1622"]
[PlyCount "46"]
[EventDate "2009.??.??"]

1. d4 Nf6 2. c4 g6 3. Nc3 Bg7 4. Nf3 d6 5. e4 O-O 6. Be2 e5 7. O-O Nc6 8. d5
Ne7 9. Re1 Ne8 10. b4 f5 11. Ng5 Nf6 12. f3 h6 13. Ne6 Bxe6 14. dxe6 Nc6 15. b5
Nd4 16. Nd5 Nxe6 17. Bb2 fxe4 18. Nxf6+ Qxf6 19. Qd5 b6 20. fxe4 Kh7 21. Rf1
Nf4 22. Qd2 Qg5 23. Bf3 Nh3+ 0-1

[Event "HEM 2009 - D-Turnier"]
[Site "Idstein"]
[Date "2009.04.10"]
[Round "2"]
[White "Rennhack, Peer"]
[Black "Fischer, Helena"]
[Result "1-0"]
[WhiteElo "1656"]
[BlackElo "1595"]
[PlyCount "83"]
[EventDate "2009.??.??"]

1. e4 d5 2. exd5 Nf6 3. d4 Qxd5 4. c4 Qe4+ 5. Be3 Bg4 6. Qb3 b6 7. f3 Bxf3 8.
Nxf3 Ng4 9. Kd2 e5 10. Ng5 Bb4+ 11. Ke2 Qxe3+ 12. Qxe3 Nxe3 13. Kxe3 exd4+ 14.
Kxd4 Nc6+ 15. Kd5 Ne7+ 16. Ke4 h6 17. a3 Bc5 18. Nf3 f5+ 19. Kd3 O-O-O+ 20. Kc2
f4 21. Nc3 Nf5 22. Nd5 Ne3+ 23. Nxe3 fxe3 24. b4 Bd6 25. Bd3 g5 26. Rhe1 g4 27.
Bf5+ Kb8 28. Nd4 Rde8 29. Bxg4 Re4 30. Nc6+ Kb7 31. Bf3 Rxc4+ 32. Kd3 Rxc6 33.
b5 Bc5 34. Bxc6+ Kc8 35. a4 Rd8+ 36. Ke4 Rd2 37. Rxe3 Bxe3 38. Kxe3 Rd6 39. a5
Re6+ 40. Kf4 a6 41. axb6 cxb6 42. Rxa6 1-0

[Event "HEM 2009 - D-Turnier"]
[Site "Idstein"]
[Date "2009.04.10"]
[Round "2"]
[White "Boldt, Kai-Ulrich"]
[Black "Riebensahm, Lutz"]
[Result "1-0"]
[WhiteElo "1548"]
[BlackElo "1651"]
[PlyCount "77"]
[EventDate "2009.??.??"]

1. Nf3 d5 2. d4 Nf6 3. g3 Nbd7 4. Bg2 e6 5. O-O Be7 6. b3 O-O 7. Nbd2 c6 8. Bb2
Ne8 9. Ne5 Nxe5 10. dxe5 Bc5 11. Kh1 f6 12. f4 f5 13. Nf3 Be7 14. a4 h6 15. Ba3
Bxa3 16. Rxa3 Qe7 17. Ra2 g6 18. Qd3 Ng7 19. c4 Bd7 20. cxd5 cxd5 21. Rc1 Rac8
22. Rac2 Rxc2 23. Rxc2 Qb4 24. Kg1 Rc8 25. Rxc8+ Bxc8 26. Nd4 Bd7 27. e3 a6 28.
Kf2 Kf7 29. Bf3 g5 30. g4 fxg4 31. Bxg4 h5 32. Bd1 g4 33. Qh7 Qf8 34. Bc2 Ke7
35. Bg6 Be8 36. f5 Bxg6 37. f6+ Kd7 38. Qxg6 Ne8 39. Qh7+ 1-0

[Event "HEM 2009 - D-Turnier"]
[Site "Idstein"]
[Date "2009.04.10"]
[Round "2"]
[White "Mahler, Peter"]
[Black "Gunde, Thomas"]
[Result "1-0"]
[WhiteElo "1644"]
[BlackElo "1575"]
[PlyCount "45"]
[EventDate "2009.??.??"]

1. d4 d5 2. c4 c6 3. Nc3 Nf6 4. e3 a6 5. Bd3 dxc4 6. Bxc4 b5 7. Bd3 e6 8. Nge2
c5 9. O-O Nc6 10. dxc5 Bxc5 11. Ne4 Nxe4 12. Bxe4 Bb7 13. Qc2 Qb6 14. a3 O-O-O
15. b4 Bd6 16. Bb2 Kb8 17. Rac1 Ne7 18. Bxg7 Rhg8 19. Bf6 Rg4 20. Bxb7 Qxb7 21.
g3 Rg6 22. Bxe7 Qxe7 23. Nd4 1-0

[Event "HEM 2009 - D-Turnier"]
[Site "Idstein"]
[Date "2009.04.10"]
[Round "2"]
[White "Scharf, Bernd"]
[Black "Jordake, Michael"]
[Result "0-1"]
[WhiteElo "1524"]
[BlackElo "1640"]
[PlyCount "54"]
[EventDate "2009.??.??"]

1. e4 e5 2. Nf3 Nc6 3. Bc4 Nf6 4. Nc3 Nxe4 5. Bxf7+ Kxf7 6. Nxe4 Be7 7. d3 d5
8. Ng3 Rf8 9. O-O Kg8 10. h3 Qe8 11. Re1 Be6 12. c3 Bd6 13. Qc2 Rxf3 14. gxf3
Bxh3 15. Kh2 Qd7 16. Rh1 Rf8 17. Qe2 e4 18. dxe4 Ne5 19. Nf5 Bxf5 20. exf5
Nxf3+ 21. Kg2 Qxf5 22. Be3 Qg4+ 23. Kf1 Rf6 24. Qb5 Rg6 25. Qxd5+ Kf8 26. Rb1
c6 27. Qh5 Qc4# 0-1

[Event "HEM 2009 - D-Turnier"]
[Site "Idstein"]
[Date "2009.04.10"]
[Round "2"]
[White "Jöckel, Thomas"]
[Black "Lewien, Frank"]
[Result "1-0"]
[WhiteElo "1623"]
[BlackElo "1518"]
[PlyCount "105"]
[EventDate "2009.??.??"]

1. e4 d5 2. exd5 Qxd5 3. Nc3 Qd6 4. d4 Nf6 5. Nf3 a6 6. Be2 Bf5 7. O-O e6 8.
Bg5 Be7 9. Bh4 Nc6 10. Bg3 Qd7 11. Qd2 O-O-O 12. Rad1 h6 13. Rfe1 Bb4 14. a3
Ne4 15. Qe3 Nxg3 16. hxg3 Ba5 17. d5 Nb8 18. Ne5 Qe7 19. dxe6 fxe6 20. Nc4 Bxc3
21. Qxc3 Nc6 22. Bf3 Qf6 23. Qxf6 gxf6 24. Bxc6 bxc6 25. c3 Rd5 26. Ne3 Rxd1
27. Rxd1 Bg6 28. f4 h5 29. Kf2 Be4 30. Rd4 f5 31. Kg1 Rh7 32. Kh2 Kb7 33. b4
Kb6 34. c4 a5 35. c5+ Kb5 36. Nd1 axb4 37. axb4 Ka4 38. Nc3+ Kb3 39. Nxe4 fxe4
40. Rxe4 Rh6 41. Kh3 Kc3 42. Kh4 Rg6 43. Kxh5 Rxg3 44. Rxe6 Rxg2 45. Rxc6 Rg7
46. b5 Kc4 47. b6 cxb6 48. cxb6+ Kd5 49. Rc7 Rg8 50. b7 Rb8 51. Kg5 Kd6 52. Rf7
Ke6 53. Kg6 1-0